|
|
|
|
| LEADER |
00000nam0a2200000 4500 |
| 001 |
224670 |
| 005 |
20231101230615.0 |
| 010 |
|
|
|a 5286004717
|
| 035 |
|
|
|a (RuTPU)RU\TPU\book\244989
|
| 090 |
|
|
|a 224670
|
| 100 |
|
|
|a 20121030d1990 m y0rusy50 ca
|
| 101 |
0 |
|
|a rus
|
| 102 |
|
|
|a RU
|
| 105 |
|
|
|a a z 001zy
|
| 200 |
1 |
|
|a Сток рек засушливых территорий (на примере юга Срединного региона и бассейна оз Байкал)
|f В. А. Семенов
|g Всероссийский научно-исследовательский институт гидрометеорологической информации - Мировой центр данных (ВНИИГМИ — МЦД)
|
| 210 |
|
|
|a Москва
|c Гидрометеоиздат
|d 1990
|
| 215 |
|
|
|a 169 с.
|c ил.
|
| 320 |
|
|
|a Библиогр.: с. 164-167.
|
| 606 |
1 |
|
|a Речной сток
|2 stltpush
|3 (RuTPU)RU\TPU\subj\71589
|9 85431
|
| 610 |
1 |
|
|a водное хозяйство
|
| 610 |
1 |
|
|a гидрология
|
| 610 |
1 |
|
|a засушливые зоны
|
| 610 |
1 |
|
|a горные территории
|
| 610 |
1 |
|
|a годовой сток
|
| 610 |
1 |
|
|a весенний паводок
|
| 610 |
1 |
|
|a дождевые паводки
|
| 610 |
1 |
|
|a климатические изменения
|
| 610 |
1 |
|
|a антропогенные изменения
|
| 610 |
1 |
|
|a 20 век
|
| 610 |
1 |
|
|a атмосферные осадки
|
| 610 |
1 |
|
|a испарение
|
| 610 |
1 |
|
|a внутригодовое распределение
|
| 610 |
1 |
|
|a Байкал
|
| 675 |
|
|
|a 556.16
|v 3
|
| 700 |
|
1 |
|a Семенов
|b В. А.
|
| 712 |
0 |
2 |
|a Всероссийский научно-исследовательский институт гидрометеорологической информации - Мировой центр данных (ВНИИГМИ — МЦД)
|c (Обнинск)
|2 stltpush
|3 (RuTPU)RU\TPU\col\14664
|
| 801 |
|
1 |
|a RU
|b 63413507
|c 20121030
|
| 801 |
|
2 |
|a RU
|b 63413507
|c 20130930
|g RCR
|
| 942 |
|
|
|c BK
|